Britain by Picture - 3 - Statistics

General Stats
  • This quiz has been taken 509 times
    384 since last reset
  • The average score is 15 of 20
Answer Stats
Picture Hint Answer % Correct
He gave to the poor Robin Hood
97%
Unsinkable R.M.S. Titanic
95%
Home to a 'monster' Loch Ness
94%
British 'chips' Crisps
93%
River crossing Tower Bridge
90%
Capital attraction London Eye
89%
Welsh emblem Leek
85%
Admiral Lord Horatio Nelson
85%
Norman victory Battle of Hastings
82%
TV Soap Opera Eastenders
77%
Theme Park Alton Towers
69%
Highest award Victoria Cross
69%
Continental link Channel Tunnel
67%
Granite city Aberdeen
66%
Coastal city Portsmouth
65%
Author A.A. Milne
55%
Central Criminal Court Old Bailey
50%
Afternoon treat Cream tea
46%
Classic comedy Monty Python
45%
Town Chesterfield
31%
No matching quizzes found
Score Distribution
Percent of People with Each Score
Percentile by Number Answered
Your Score History
You have not taken this quiz since the last reset